| 000 | 01727nam a22003497a 4500 | ||
|---|---|---|---|
| 005 | 20220316235836.0 | ||
| 008 | 140918b2013 ck a|||g|||| 00| 01sspad | ||
| 020 | _a9789588654669 | ||
| 100 | 1 |
_aSlegers, Liesbet _d1975- |
|
| 245 | 1 | 0 |
_aNacho viaja con su abuela _cLiesbet Slegers traducción P Rozarena |
| 250 | _aEdición especial para el Ministerio de Cultura | ||
| 300 |
_a[24] páginas sin enumerar _bilustraciones a color _c14 cm |
||
| 490 |
_aNacho _v3 |
||
| 490 | _aLeer es mi cuento | ||
| 520 | _aNacho nunca ha salido de viaje sin sus padres; esta vez lo hará solo con su abuela; al llegar al aeropuerto tendrán que hacer primero una larga fila: ¡cuánta gente de viaje! Ya en el avión la fuerza del despegue le produce mucha angustia pero la compañía de su osito le dispensa confianza. Viajar en avión es seguro y divertido, además Nacho tendrá la suerte de hacer abordo un nuevo amigo. | ||
| 521 | _aRecomendado para niños de 0 a 2 años | ||
| 534 | _tKarel in het viegtuig | ||
| 650 | 1 | 4 |
_2LEMB _aÁlbumes infantiles belgas _ySiglo XX |
| 650 | 1 | 4 |
_2LEMB _aLiteratura infantil belga _ySiglo XX |
| 650 | 1 | 4 |
_2LEMB _aFamilia en la literatura |
| 650 | 1 | 4 |
_2LEMB _aViajes en la literatura |
| 650 | 1 | 4 |
_2LEMB _aNiños en la literatura |
| 700 | 1 |
_aRozarena, P _etraductor _967435 |
|
| 830 | _aColección para la Primera Infancia del Ministerio de Cultura, Plan Nacional de Lectura y Escritura Leer es mi cuento, Primera Infancia 2013 | ||
| 942 |
_2loc _cBKINF |
||
| 264 |
_aBogotá _bColsubsidio _bEdelvives _c2013 |
||
| 336 |
_atexto _btxt _2rdacontent |
||
| 337 |
_asin mediación _bn _2rdamedia |
||
| 338 |
_avolumen _bnc _2rdacarrier |
||
| 040 |
_aCO-BoRNBP _bspa _erda _cCO-BoRNBP |
||
| 084 | _aA SLE1 | ||
| 999 |
_c2338 _d2338 |
||